000 00735nam a2200277Ia 4500
003 OSt
005 20221006151107.0
006 a|||||r|||| 00| 0
007 ta
008 221006b |||||||| |||| 00| 0 jpn d
020 _c¥350
024 _a20,914
037 _bGift, Japan Foundation
_cTextual
040 _aEASL
_cEASL
_bjpn
041 _2jpn
_ajpn
082 _a1008063
100 _aNORMAN E.H.
_9648536
245 0 _aKurio no kao
260 _aTokyo
_bIwanami Shoten Japan
_c1986
300 _a218p.
_ccm.
490 _v JL
650 _aJL
700 _a OKUBO GENJI Tr.
_9657724
942 _h1008063
_cTEXL
_2CC
999 _c1089000
_d1089000